| 000 | 02334nab a22002777a 4500 | ||
|---|---|---|---|
| 999 |
_c5448 _d5448 |
||
| 003 | OSt | ||
| 005 | 20251023095041.0 | ||
| 008 | 190603e xxum|||| |||| 00| 0 spa d | ||
| 040 | _cPJ | ||
| 100 |
_94096 _aMizrahi, Mauricio Luis |
||
| 245 | 1 | 0 |
_aProcedencia de los daños y perjuicios por impedimentos de contacto parento-filiales. Responsabilidad del Estado /
_cMauricio Luis Mizrahi. |
| 260 |
_cCiudad Autónoma de Buenos Aires : _aThomson Reuters La Ley, _b2025. |
||
| 300 | _ap. 26-40 | ||
| 500 | _aCita Online: TR LALEY AR/DOC/426/2025. | ||
| 505 | _aSumario: I. El derecho de daños y la importancia de la comunicación del hijo con ambos progenitores.— II. El impedimento de contacto y los deberes de la judicatura. La protección especial que merecen los niños. Deficiencia en el accionar de ciertos tribunales.— III. Daños y perjuicios por la obstaculización de los vínculos parento-filiales.— IV. Admisión por la jurisprudencia de la acción por daños y perjuicios.— V. Procedencia de la acción de daños cuando no es genuino el discurso del niño que rechaza el contacto.— VI. Alcance de los daños a reclamar. Legitimación activa y pasiva. Responsabilidad del Estado.— VII. Sentencias del Tribunal Europeo de Derechos Humanos en casos de alienación parental que impidieron los contactos parento-filiales. Aplicación en el derecho argentino.— VIII. Rechazo de demandas de daños y perjuicios por la falta de los presupuestos de la responsabilidad civil.— IX. Daños y perjuicios contra el progenitor que no se relaciona con su hijo. Jurisprudencia.— X. De lege ferenda. Indemnización en el mismo proceso donde tramita el reclamo del régimen de comunicación. | ||
| 505 | _t¿Te interesa el texto completo? Solicitalo al correo: koha@justierradelfuego.gov.ar | ||
| 650 | 0 |
_91015 _aRESPONSABILIDAD PARENTAL |
|
| 650 | 0 |
_91215 _aRESPONSABILIDAD DEL ESTADO |
|
| 650 | 0 |
_94097 _aINTERES SUPERIOR DEL NIÑO |
|
| 650 | 0 |
_92823 _aDAÑOS Y PERJUICIOS |
|
| 650 | 0 |
_92741 _aDERECHOS DE LAS NIÑAS, NIÑOS Y ADOLESCENTES |
|
| 650 | 0 |
_95325 _aDERECHOS Y OBLIGACIONES DE LOS PADRES |
|
| 650 | 0 |
_91467 _aRESPONSABILIDAD CIVIL |
|
| 773 | 0 |
_02713 _93170 _dCiudad Autónoma de Buenos Aires : Thomson Reuters La Ley, 2015- _tRevista Código Civil y Comercial. Nº 2 - Abril 2025 |
|
| 942 |
_2udc _cANA |
||